| 000 | 00000nam##2200000za#4500 |
| 001 | 9.691374 |
| 003 | CaOODSP |
| 005 | 20210624232735 |
| 007 | cr ||||||||||| |
| 008 | 150407|2008||||xxc|||||o f|0| 0 eng|d |
| 020 | |a978-1-100-10479-9 |
| 040 | |aCaOODSP|beng |
| 043 | |an-cn--- |
| 086 | 1 |aA52-112/2008E-PDF |
| 110 | 1 |aCanada. |bAgriculture and Agri-Food Canada. |
| 245 | 10|aAtlantic Canada - 'Honeycrisp' : |h[electronic resource]|bmaintaining tree growth and cropping balance |
| 260 | |aOttawa - Ontario : |bAgriculture and Agri-Food Canada |cc2008. |
| 300 | |a6p.|bfigs. (some coloured), photographs |
| 590 | |a09-37|b2009-09-11 |
| 690 | 07|aAgri-food products|2gcpds |
| 690 | 07|aApples|2gcpds |
| 690 | 07|aResearch and development|2gcpds |
| 775 | 08|tRégion de l'Atlantique - 'Honeycrisp' : |w(CaOODSP)9.635705 |
| 856 | 40|ahttp://publications.gc.ca|qPDF|s537 KB|uhttps://publications.gc.ca/collections/collection_2009/agr/A52-112-2008E.pdf |
| 986 | |aAAFC No. 10736E |